Football : top 30 ballon d'or 2025 - Statistiques

Statistiques générales
  • Ce quiz a été pris 573 fois
  • Le résultat moyen est 22 sur 30
Statistiques - réponses
Pays Joueur % Correct
Espagne Lamine Yamal
99%
France Ousmane Dembélé
99%
Egypte Mohamed Salah
97%
Maroc Achraf Hakimi
96%
France Kylian Mbappé
93%
Portugal Vitinha
93%
Italie Gianluigi Donnarumma
87%
Portugal Nuno Mendes
86%
Angleterre Harry Kane
83%
Brésil Raphinha
83%
Pologne Robert Lewandowski
83%
Norvège Erling Haaland
82%
Portugal Joao Neves
82%
Espagne Pedri
82%
Brésil Vinicius Junior
80%
France Désiré Doué
78%
Angleterre Cole Palmer
76%
Suède Viktor Gyokeres
73%
Ecosse Scott Mctominay
71%
Angleterre Jude Bellingham
68%
Pays-Bas Virgil Van Dijk
68%
Géorgie Khvicha Kvaratskhelia
66%
Argentine Lautaro Martinez
64%
France Michael Olise
64%
Guinée Sherou Guirassy
60%
Espagne Fabian Ruiz
59%
Allemagne Florian Wirtz
49%
Angleterre Declan Rice
39%
Argentine Alexis Mac Allister
37%
Pays-Bas Denzel Dumfries
31%
Aucun quiz correspondant
Distribution des résultats
% des personnes avec chaque résultat
Percentile par nombre de réponses
Votre historique - résultats
Vous n’avez pas pris ce quiz